[Event "2025 Spring TNM: 1600-1999"]
[Site "San Francisco"]
[Date "2025.03.25"]
[Round "4.14"]
[White "Mays-Smith, Isaac S"]
[Black "Marvin, Hayes Alexander"]
[Result "0-1"]
[WhiteElo "1619"]
[BlackElo "1926"]
[PlyCount "42"]
[GameId "2159927754413086"]
[EventDate "2025.??.??"]

1. d4 Nf6 2. c4 e6 3. g3 Bb4+ 4. Bd2 Qe7 5. Bg2 O-O 6. Nf3 Bxd2+ 7. Qxd2 d6 8. Nc3 Nbd7 9. O-O e5 10. d5 a5 11. Nb5 Nc5 12. a3 Nb3 13. Qd3 Nxa1 14. e4 c6 15. dxc6 bxc6 16. Nxd6 Rd8 17. Nxc8 Raxc8 18. Qe3 Nc2 19. Qb6 a4 20. Qa5 Nd4 21. Nxe5 Ra8 0-1

[Event "2025 Spring TNM: 1600-1999"]
[Site "San Francisco"]
[Date "2025.03.25"]
[Round "4.16"]
[White "Parsons, Stephen"]
[Black "Yan, Rayna"]
[Result "1-0"]
[Annotator "Parsons,Stephen"]
[WhiteElo "1876"]
[BlackElo "1642"]
[PlyCount "153"]
[GameId "2160283837313172"]
[EventDate "2025.??.??"]

1. e4 c6 2. d4 d5 3. Nc3 dxe4 4. Nxe4 Bf5 5. Ng3 Bg6 6. h4 h6 7. h5 Bh7 8. Nf3 Nd7 9. Bd3 Bxd3 10. Qxd3 e6 11. Bf4 Bb4+ 12. c3 Be7 13. Rd1 Ngf6 14. Rh3 O-O 15. Ne2 Nb6 16. Ne5 Nbd5 17. Bc1 Bd6 18. Qf3 Kh8 19. Rg3 (19. c4 Nb4 20. Bf4 Nxa2 21. g4 Nb4 22. g5) 19... Qe7 20. Nf4 (20. c4 Nb4 21. Bf4 Nxa2 22. c5) 20... Nxf4 21. Bxf4 Nd5 22. Bc1 (22. Qg4 Bxe5 23. Bxe5 f6 24. Bd6 Qf7 25. Bxf8 Qxf8) (22. Bc1 Qc7 23. c4 Bxe5 24. dxe5 Qxe5+ 25. Qe2 Qxe2+ 26. Kxe2 Nf6) 22... Qf6 23. Qe4 Rad8 (23... Qf5 24. Qxf5 exf5 25. c4 Nb4) 24. Rf3 Qe7 25. Rxf7 $1 Qe8 26. Ng6+ Kg8 27. Rxf8+ (27. Rxb7 Rf6 28. Rxa7) 27... Bxf8 28. Rd3 Nf6 29. Qf3 Qf7 30. Bf4 c5 31. Be5 cxd4 32. Bxd4 Nxh5 33. Qxh5 Rd5 34. Qh3 (34. Qg4 Rg5 35. Ne5 Rxg4 36. Nxf7 Kxf7 37. Bxa7 Ra4 (37... Rxg2 38. Kf1 Rg5 39. Rd7+ Ke8 40. Rxb7) 38. Rd7+ Ke8 39. Rxb7) 34... Qxg6 35. Kd2 a6 36. Re3 Qf5 37. Qxf5 exf5 38. a4 Bd6 39. Kd3 Bf4 40. Re7 b5 41. Rxg7+ Kf8 42. Ra7 (42. axb5 Rxd4+ 43. Kxd4 Kxg7 44. bxa6) 42... Rd6 43. axb5 axb5 44. Rb7 Rd5 45. g3 Bg5 46. f4 Bf6 47. Ke3 Bxd4+ 48. cxd4 Ke8 49. Rb6 Kd7 50. Rxh6 Kc7 51. Re6 (51. Rh5 Kc6 52. g4 fxg4 53. Rxd5 Kxd5 54. f5 g3 55. Kf3 g2 56. Kxg2) 51... Rd6 52. Re5 Rg6 53. Rxf5 Rxg3+ 54. Ke4 Rb3 55. Rc5+ Kd6 56. Rc2 Ke6 57. Rf2 Rb4 58. f5+ Kf6 59. Kd5 Ke7 60. Kc5 Rb3 61. d5 Rd3 62. f6+ Kf7 63. d6 b4 64. Rf4 b3 65. Rd4 Rxd4 66. Kxd4 Kxf6 67. Kd5 Kf7 68. Kc6 Ke8 69. Kc7 Kf7 70. d7 Ke6 71. d8=Q Ke5 72. Qd3 Kf4 73. Kd6 Kg4 74. Ke5 Kg5 75. Qg3+ Kh6 76. Kf6 Kh7 77. Qg7# 1-0

[Event "2025 Spring TNM: 1600-1999"]
[Site "San Francisco"]
[Date "2025.03.25"]
[Round "4.18"]
[White "Babayan, Gagik"]
[Black "Horde, Nicolas T"]
[Result "1-0"]
[Annotator "Winslow,Elliott"]
[WhiteElo "1711"]
[BlackElo "1568"]
[PlyCount "95"]
[GameId "2159927754421282"]
[EventDate "2025.??.??"]

1. e4 e5 2. Nf3 Nf6 3. Nc3 Nc6 4. Bb5 Nd4 5. Nxd4 exd4 6. Ne2 Nxe4 7. O-O Bc5 8. d3 Nf6 9. Bg5 O-O 10. Qd2 c6 11. Ba4 d5 12. b4 Bb6 13. Qf4 Re8 14. Nxd4 Bc7 15. Bxf6 gxf6 16. Qh4 Be5 17. Rae1 Bd7 18. Nf3 Bd6 19. c3 Qc7 20. Qxf6 Be6 21. d4 Be7 22. Qh6 Bf5 23. Re5 Bf8 24. Qg5+ Bg6 25. Bc2 Bg7 26. Rxe8+ Rxe8 27. Bxg6 hxg6 28. Re1 Rxe1+ 29. Nxe1 {[#]} Qd7 30. f3 Qe6 31. Kf2 Bf6 32. Qe3 Qf5 33. Nd3 Bg5 34. f4 Kf8 35. g4 Bh4+ 36. Kf3 Qd7 37. Qe5 Kg8 38. f5 (38. Qb8+ $1) 38... gxf5 39. gxf5 (39. Qxf5 $1) 39... f6 (39... Kh7 $16) (39... Qd8 $16) 40. Qf4 $6 (40. Qe6+ $1 $18 Qxe6 41. fxe6 Bg5 (41... b6 42. Kg4 Bg5 43. h4 Bd2 44. h5) 42. Nc5 (42. Kg4) 42... b6 43. Nd7 Kg7 44. Nb8) 40... Qe7 $4 (40... Bg5 41. Qg4 Qe7 42. h4 Qe3+ 43. Kg2 Qxd3 44. hxg5 fxg5 45. Qxg5+ Kf7 $16 {/+-}) 41. Qxh4 a5 42. a3 axb4 43. axb4 b6 44. Nf4 Qe4+ 45. Kg4 Kg7 46. Qh5 Kf8 47. Qg6 Ke7 48. Qg7+ 1-0

[Event "2025 Spring TNM: 1600-1999"]
[Site "San Francisco"]
[Date "2025.03.25"]
[Round "4.19"]
[White "Chan, John"]
[Black "Abraham, Michael David"]
[Result "1/2-1/2"]
[WhiteElo "1520"]
[BlackElo "1558"]
[PlyCount "81"]
[GameId "2159927754421283"]
[EventDate "2025.??.??"]

1. c4 Nf6 2. Nc3 e6 3. e3 d5 4. d4 c6 5. Nf3 Bd6 6. c5 Bc7 7. h3 Nbd7 8. Qc2 O-O 9. Bd3 e5 10. dxe5 Nxe5 11. Nxe5 Bxe5 12. Bd2 d4 13. exd4 Bxd4 14. O-O-O Qe7 15. Bg5 Qxc5 16. Bxf6 Bxf6 17. Bxh7+ Kh8 18. Bd3 Be6 19. Kb1 Rad8 20. f3 Rd7 21. Ne4 Qa5 22. a3 Be7 23. Qc3 Qd5 24. Kc2 f5 25. Be2 Qa2 26. Ra1 Bb3+ 27. Qxb3 Qxb3+ 28. Kxb3 fxe4 29. fxe4 Rf2 30. Bf3 Rdd2 31. Rab1 Bf6 32. Rhd1 Rxb2+ 33. Rxb2 Rxb2+ 34. Kc4 Be7 35. e5 Kg8 36. Rd7 Bxa3 37. e6 Kf8 38. Rf7+ Kg8 39. Rd7 Kf8 40. Rf7+ Kg8 41. Rd7 1/2-1/2

[Event "2025 Spring TNM: 1600-1999"]
[Site "San Francisco"]
[Date "2025.03.25"]
[Round "4.21"]
[White "Casares, Nick"]
[Black "Schaezlein, Charlie"]
[Result "0-1"]
[Annotator "Schaezlein,Charlie"]
[WhiteElo "1600"]
[BlackElo "1473"]
[PlyCount "129"]
[GameId "2159927754429477"]
[EventDate "2025.??.??"]

1. e4 Nf6 2. e5 Nd5 3. c4 Nb6 4. d4 d6 5. exd6 cxd6 6. Nc3 g6 7. Be3 Bg7 8. Qd2 O-O 9. Bh6 Nc6 {[%eval 70,20]} ({I briefly considered this but decided it was too early. should have thought a little longer!} 9... e5 $1 $11 {[%eval 12,21]} 10. d5 Na6) 10. Bxg7 $14 Kxg7 11. Be2 {[%eval -20,24]} (11. d5 $14 {[%eval 67,22]} Ne5 12. Be2) 11... e5 $11 12. d5 Nd4 13. b3 Bf5 14. Bd3 {[%eval -52,21]} (14. Bd1 $11 {[%eval 0,23]}) {I spent 14 minutes thinking here, mostly deciding between Qf6 and Bxd3. I was worried about the knight coming to e4 after the trade, and the position felt a little benoni-like in a way I didn't love/ I also briefly considered Nd7, but I thought if i considered retaking with the knight, the white knight would come to f3 for free and i wouldn't get the Nd4 bastion back for a long time. I liked how the queen xrays the rook on a1 and the knight on c3, as well as how after Bxf5 Qxf5 you're threatening Nc2+ and winning the rook} 14... Qf6 {[%eval 9,25]} (14... Bxd3 $15 {[%eval -52,21]} 15. Qxd3 (15. Qxd3 Nd7 16. Nge2 Nc5 17. Qd2 Nxe2 18. Qxe2 Qa5 19. Rc1 b5 20. cxb5 Rac8 21. Qe3 a6 22. b6 f5 23. O-O Qxb6 24. Nb1 f4 25. Qf3 Qa5 {[%eval -49,23]}) 15... Nd7 (15... Qg5 16. g3 Nd7 17. Nf3 Nxf3+ 18. Qxf3)) 15. Bxf5 Qxf5 {I was a little shocked by this, though I guess white doesn't have many moves here} 16. O-O-O {[%eval -29,23]} (16. Rd1 {[%eval 15,25]}) 16... Nd7 {[%eval 20,19]} (16... a5 $142 {[%eval -29,23]}) (16... Nxc4 17. bxc4 Rfc8 18. Qd3 Qxf2 19. Rd2 Qe1+ 20. Rd1 Qf2 {[%eval 0,16]}) 17. f3 {[%eval -122,22]} (17. Nge2 $1 $11 {[%eval 20,19]}) 17... Nc5 $36 {threatening to take twice on b3 and win the queen} 18. Kb2 Rfe8 {[%eval -10,25]} ({the only move that maintains an advantage! I looked at this briefly but i didn't appreciate how strong opening the c file would be} 18... b5 $1 $17 {[%eval -129,21]} 19. cxb5 Rfb8 20. g4 Qd7) 19. Nge2 $11 Nxe2 20. Qxe2 e4 21. fxe4 Nxe4 22. Nxe4 {[%eval -111,21]} (22. Rdf1 $11 {[%eval -20,24]} Nxc3 23. Qxe8 Nd1+ 24. Ka3 Qxf1 25. Rxf1 Rxe8 26. Rxd1) 22... Rxe4 $17 23. Qd3 Rae8 24. Ka3 Qe5 (24... Qf2 25. Rhf1 Qc5+ 26. Kb2 a5) 25. Rd2 f5 26. g3 Qf6 27. Rhd1 Qd8 {[%eval -57,21]} (27... b6 $17 {[%eval -108,19]}) 28. Qc3+ $15 R8e5 {[%eval 0,24]} (28... Qf6 $15 {[%eval -58,19]} 29. Qxf6+ Kxf6) 29. Rf2 {[%eval -73,19]} (29. c5 $11 {[%eval 0,24]}) 29... Qb6 30. Rfd2 Qc5+ (30... Re3 31. Rd3 $11) 31. Kb2 Kf7 32. Rd4 Rxd4 33. Rxd4 a5 34. a3 {[%eval -116,24]} (34. Rd2 $15 {[%eval -50,22]}) 34... Re2+ $17 35. Rd2 Qf2 {The computer thinks that this move (which puts the King on d2 after trades) is a full piece worse than ending the trade sequence with the king on e2, i think because it wants the king to stay on the queenside? I just felt the subsequent trade was forcing, i'd get to e5 first, and could either make a passed pawn or zugzwang White} 36. Kc2 {[%eval -421,25]} (36. Rxe2 $17 {[%eval -111,28]} Qxe2+ 37. Qc2 Qxc2+ 38. Kxc2 Kf6 39. h4 h6) 36... Rxd2+ $1 $19 (36... Qxh2 37. Qxa5 Rxd2+ 38. Qxd2 Qxg3 39. Qh6 $17) 37. Qxd2 Qxd2+ 38. Kxd2 Kf6 39. Ke3 Ke5 40. b4 $2 {[%eval -557,19]} (40. h4 {[%eval -346,18]} h6 41. Kd3) 40... axb4 41. axb4 g5 42. h3 {My opponent and I had about 3-5 minutes on the clock each here, and I didn't realize white could stop infiltration after 43.h4. fortunately white didn't either. The computer gives a single ? here but i think it's a ?????} h5 $4 {[%eval 0,21]} (42... f4+ $19 {[%eval -624,19]} 43. gxf4+ gxf4+ 44. Kf3 b6) 43. Kd3 $2 {[%eval -732,17]} (43. h4 $11 {[%eval 0,21]} f4+ 44. gxf4+ gxf4+ 45. Kf3 b6 46. b5 Kd4 47. Kxf4 Kxc4 48. Kg5 Kxb5 49. Kxh5 Kc5 50. Kg5 b5 51. h5 b4 52. h6 b3 53. h7 b2 54. h8=Q b1=Q) 43... b6 44. Ke3 f4+ 45. gxf4+ gxf4+ 46. Kd3 f3 47. Ke3 f2 $1 48. Kxf2 Kd4 49. c5 bxc5 (49... dxc5 50. d6 $18) 50. b5 Kxd5 51. Ke3 h4 52. Kd3 c4+ ({apparently there is time for this! i did not see this with 4 minutes on my clock} 52... Ke6 53. b6 Kd7 54. b7 Kc7 55. b8=Q+ Kxb8) (52... Ke5 $18 {and the pawn promotes} 53. b6) 53. Kc3 Kc5 54. b6 Kxb6 55. Kxc4 Kc6 {[%eval -32715,27]} 56. Kd4 d5 57. Kd3 Kc5 58. Kc3 d4+ 59. Kd2 Kd5 60. Ke2 Ke4 61. Kf2 d3 62. Kg2 Ke3 63. Kf1 d2 64. Kg2 d1=Q 65. Kh2 0-1

[Event "2025 Spring TNM: 1600-1999"]
[Site "San Francisco"]
[Date "2025.03.25"]
[Round "4.22"]
[White "Tam, Hoa Long"]
[Black "Touset, Stephen"]
[Result "0-1"]
[WhiteElo "1589"]
[BlackElo "1600"]
[PlyCount "130"]
[GameId "2159927754441766"]
[EventDate "2025.??.??"]

1. e4 d6 2. d4 Nf6 3. Nc3 e5 4. Nf3 exd4 5. Nxd4 Be7 6. Bf4 O-O 7. Qd2 Nbd7 8. O-O-O a5 9. Be2 Nc5 10. f3 Ne6 11. Nxe6 fxe6 12. g4 e5 13. Be3 c6 14. h4 b5 15. h5 b4 16. Na4 d5 17. Nb6 d4 18. Nxa8 Bxg4 19. Bxd4 Nxe4 20. Bc4+ Kh8 21. Qg2 exd4 22. fxg4 Bg5+ 23. Kb1 Nf2 24. Qxc6 Nxh1 25. Rxh1 Qxa8 26. Qxa8 Rxa8 27. Re1 Rc8 28. Re5 h6 29. Rxa5 Rxc4 30. b3 Rc7 31. Rb5 Bd2 32. c4 bxc3 33. Kc2 Rf7 34. Rf5 Rd7 35. Rf3 Kg8 36. Kd3 Re7 37. Rf2 Re3+ 38. Kxd4 c2 39. Rxd2 c1=Q 40. Kxe3 Qg1+ 41. Kf3 Qf1+ 42. Rf2 Qd3+ 43. Kg2 Qe4+ 44. Kg3 Qb4 45. Rf3 Kh7 46. a4 g6 47. hxg6+ Kxg6 48. Re3 Qd6+ 49. Kf3 Qf6+ 50. Kg3 Kg5 51. Rf3 Qe5+ 52. Kh3 Qe4 53. Rf5+ Kg6 54. Kg3 Qe3+ 55. Rf3 Qe1+ 56. Kf4 Qh4 57. Rg3 h5 58. Kf3 Qh1+ 59. Kf2 h4 60. Re3 Qh2+ 61. Kf3 h3 62. Re2 Qh1+ 63. Kg3 Qf1 64. Rf2 Qe1 65. a5 h2 0-1

[Event "2025 Spring TNM: u1600"]
[Site "San Francisco"]
[Date "2025.03.25"]
[Round "4.6"]
[White "Karwat, Joseph"]
[Black "Fisher, Brett"]
[Result "1-0"]
[WhiteElo "1315"]
[BlackElo "1376"]
[PlyCount "71"]
[GameId "2159927754445864"]
[EventDate "2025.??.??"]

1. e4 {[%emt 0:00:02]} c5 {[%emt 0:00:08]} 2. c3 {[%emt 0:00:09]} d5 {[%emt 0:00:05]} 3. e5 {[%emt 0:00:06]} Nc6 {[%emt 0:00:08]} 4. Nf3 {[%emt 0:00:26]} Bg4 {[%emt 0:00:18]} 5. Bb5 {[%emt 0:00:09]} Qc7 {[%emt 0:01:12]} 6. d4 {[%emt 0:06:33]} e6 {[%emt 0:02:03]} 7. Be3 {[%emt 0:02:15]} Nge7 {[%emt 0:02:37]} 8. O-O {[%emt 0:07:17]} a6 {[%emt 0:04:03]} 9. Be2 {[%emt 0:07:21]} Nf5 {[%emt 0:04:24]} 10. Nbd2 {[%emt 0:07:31]} Qb6 {[%emt 0:07:33]} 11. dxc5 {[%emt 0:08:36]} Bxc5 {[%emt 0:01:35]} 12. Bxc5 {[%emt 0:02:37]} Qxc5 {[%emt 0:00:13]} 13. Qa4 {[%emt 0:08:46]} Bxf3 {[%emt 0:05:14]} 14. Nxf3 {[%emt 0:01:23]} O-O {[%emt 0:00:42]} 15. Rad1 {[%emt 0:04:40]} Qb6 {[%emt 0:02:20]} 16. b3 {[%emt 0:05:50]} Qc7 {[%emt 0:02:03]} 17. Qf4 {[%emt 0:00:35]} Nfe7 {[%emt 0:09:46]} 18. Bd3 {[%emt 0:05:09]} h6 {[%emt 0:06:43]} 19. Rfe1 {[%emt 0:02:47]} Rac8 {[%emt 0:03:46]} 20. Re3 {[%emt 0:05:16]} d4 {[%emt 0:07:55]} 21. cxd4 {[%emt 0:01:57]} Nd5 {[%emt 0:00:52]} 22. Qe4 {[%emt 0:01:19]} g6 {[%emt 0:01:07]} 23. Nh4 {[%emt 0:03:46]} Nxe3 {[%emt 0:04:54]} 24. fxe3 {[%emt 0:00:15]} Ne7 {[%emt 0:02:09]} 25. g4 {[%emt 0:02:32]} Qc6 {[%emt 0:06:00]} 26. Qf4 {[%emt 0:02:38]} Kh7 {[%emt 0:00:28]} 27. Qf6 {[%emt 0:00:50]} Rc7 {[%emt 0:03:44]} 28. Rf1 {[%emt 0:01:05]} Qe8 {[%emt 0:02:20]} 29. Bxg6+ {[%emt 0:02:21]} Nxg6 {[%emt 0:03:36]} 30. Nxg6 {[%emt 0:00:14]} Rg8 {[%emt 0:00:23]} 31. Nh4 {[%emt 0:01:03]} Rxg4+ {[%emt 0:01:15]} 32. Ng2 {[%emt 0:00:01]} Qg8 {[%emt 0:01:08]} 33. Qf3 {[%emt 0:00:31]} Qg6 {[%emt 0:02:29]} 34. Kh1 {[%emt 0:00:35]} Kg8 {[%emt 0:00:14]} 35. Nf4 {[%emt 0:00:47]} Qg7 {[%emt 0:00:34]} 36. Nh5 {[%emt 0:00:46]} 1-0

[Event "2025 Spring TNM: u1600"]
[Site "San Francisco"]
[Date "2025.03.25"]
[Round "4.24"]
[White "Wickliffe, Zachary"]
[Black "Lee, Yinpok R"]
[Result "0-1"]
[WhiteElo "1260"]
[BlackElo "935"]
[PlyCount "52"]
[GameId "2159927754454057"]
[EventDate "2025.??.??"]

1. e4 c6 2. Nf3 d5 3. Nc3 d4 4. Ne2 c5 5. Ng3 Nf6 6. Bc4 e6 7. d3 Nc6 8. c3 Be7 9. O-O O-O 10. cxd4 cxd4 11. a3 Qc7 12. b4 a6 13. Bb2 b5 14. Bb3 Rd8 15. Rc1 Qb6 16. h4 Ng4 17. Ng5 Nce5 18. Re1 Nf6 19. Nh5 Nxh5 20. Nxh7 Nxd3 21. Qxh5 Nxb2 22. e5 Bb7 23. Rb1 Nd3 24. Bc2 Qc6 25. Qg4 Qxc2 26. Nf6+ Bxf6 0-1

[Event "2025 Spring TNM: u1600"]
[Site "San Francisco"]
[Date "2025.03.25"]
[Round "4.25"]
[White "Le, Thu Anh"]
[Black "Bayaraa, Bilguun"]
[Result "0-1"]
[Annotator "Le,Thu Anh"]
[WhiteElo "1204"]
[BlackElo "1503"]
[PlyCount "90"]
[GameId "2159927754458154"]
[EventDate "2025.??.??"]

1. d4 d5 2. c4 c6 3. Nf3 Nf6 4. Qc2 e6 5. g3 Bd6 6. Bg2 Nbd7 7. O-O O-O 8. Nbd2 e5 9. dxe5 Nxe5 10. Nxe5 (10. cxd5) 10... Bxe5 11. Nf3 Bd6 12. cxd5 Nxd5 13. a3 Qc7 14. e4 Ne7 (14... Nb6 {With the idea of Nd7 then Nc5}) 15. Bd2 Ng6 16. Bc3 Re8 17. Rfe1 Bg4 18. h3 Bd7 19. Rad1 Rad8 {Up until this point, I felt pretty good about White's position. Nothing concrete is happening, but White is the side with control of the game.} 20. Nd4 c5 21. Nf5 Bxf5 $6 (21... Be5) (21... Bf8) 22. exf5 Ne5 23. Bxe5 $6 (23. Qe2 {I completely missed this idea. White would have ended up with 2 bishops for a rook.} h6 (23... Re7 24. Rxd6 $1 Qxd6 25. Bxe5 Qb6) 24. Rxd6 $1 Rxd6 25. f4 Nf3+ 26. Qxf3 $1 Rxe1+ 27. Bxe1) 23... Bxe5 24. Rxd8 Rxd8 25. Qe4 {I thought this was a clever move - White wins the b7 pawn and Black doesn't have the Q-side majority anymore. Only to miss that Black's DSB covers 2 crucial queening squares.} f6 26. Qxb7 (26. a4) (26. Bf1) 26... Qxb7 27. Bxb7 Bxb2 28. Ba6 (28. a4 {Loses because the LSB can never catch the rolling c-pawn.} c4 29. Re4 c3) 28... Kf8 29. a4 Rd4 30. Rb1 {I made this move super quickly, then realized the a4-pawn is hanging. My brain decided it's bedtime and I should stop playing chess.} (30. Bb5 {The only way to draw.} c4 31. Re8+ Kf7 32. Ra8 c3 33. Rxa7+ Kf8 34. Ra8+ $1 Ke7 35. Re8+ $1 Kd6 36. Rc8 $1 Rd2 37. Rd8+ $1 Kc5 38. Rxd2 cxd2 39. Be2 $1) 30... Rxa4 31. Rxb2 Rxa6 32. Rb8+ (32. Rb7 Ra4 33. Rc7 c4 34. Kf1 a5 35. Ke1) 32... Ke7 33. Rb7+ Kd6 34. Rxg7 Ra1+ 35. Kg2 $1 c4 $1 36. Rxh7 $2 c3 37. h4 c2 38. h5 $6 c1=Q 39. Kh3 Qh1+ 40. Kg4 Ra4+ 41. f4 Qd1+ 42. Kh4 Ra2 43. Kh3 Qh1+ 44. Kg4 Rh2 45. Rxa7 Qd1# 0-1

[Event "2025 Spring TNM: u1600"]
[Site "San Francisco"]
[Date "2025.03.25"]
[Round "4.26"]
[White "Burkhardt, Douglas Alan"]
[Black "Barreyro, Romeo Belmes"]
[Result "0-1"]
[WhiteElo "739"]
[BlackElo "1500"]
[PlyCount "90"]
[GameId "2159927754462251"]
[EventDate "2025.??.??"]

1. d4 e6 2. Nf3 d5 3. c4 Nf6 4. Bg5 Be7 5. e3 c6 6. Nc3 Qb6 7. Qc2 Na6 8. a3 Bd7 9. Bd3 h6 10. Bxf6 Bxf6 11. O-O dxc4 12. Bxc4 Rc8 13. Ne5 Bxe5 14. dxe5 Qc5 15. Qe4 b5 16. Bd3 Qb6 17. a4 Nc5 18. a5 Qc7 19. Qd4 Nb3 20. Nxb5 cxb5 21. Qd6 Qxd6 22. exd6 Nxa1 23. Rxa1 Bc6 24. Rd1 Kd7 25. Be2 a6 26. Bf3 Bxf3 27. gxf3 Rc6 28. Rd4 Rxd6 29. b4 Rxd4 30. exd4 Rc8 31. Kg2 Rc4 32. Kf1 Rxb4 33. Ke2 Rxd4 34. Ke3 Rd5 35. f4 b4 36. Ke4 b3 37. f5 b2 38. f6 b1=Q+ 39. Ke3 gxf6 40. h4 Qe1+ 41. Kf3 Rf5+ 42. Kg3 Qxf2+ 43. Kh3 Rf3+ 44. Kg4 Qg3+ 45. Kh5 Qg6# 0-1

[Event "2025 Spring TNM: u1600"]
[Site "San Francisco"]
[Date "2025.03.25"]
[Round "4.27"]
[White "Sloan, Sacha Marino"]
[Black "Zhao, Brandon"]
[Result "0-1"]
[WhiteElo "660"]
[BlackElo "1280"]
[PlyCount "98"]
[GameId "2159927754466348"]
[EventDate "2025.??.??"]

1. e4 e6 2. d4 d5 3. e5 c5 4. c3 Nc6 5. Nf3 Qb6 6. Bd3 cxd4 7. cxd4 Bd7 8. Bc2 Nge7 9. b3 Nb4 10. O-O Nxc2 11. Qxc2 Rc8 12. Nc3 Nf5 13. Rd1 Bb4 14. Bb2 O-O 15. Rac1 Bb5 16. a3 Be7 17. Qd2 Ba6 18. b4 Bc4 19. Na4 Qb5 20. Nc5 Bxc5 21. bxc5 Be2 22. Re1 Bxf3 23. gxf3 Nh4 24. Rc3 b6 25. Qe2 Qa5 26. Rec1 Rc6 27. Qe3 Nf5 28. Qd3 Rfc8 29. cxb6 Qxb6 30. Rxc6 Rxc6 31. Rxc6 Qxc6 32. Qc3 Qxc3 33. Bxc3 Nh4 34. f4 g6 35. Kf1 Kg7 36. Ke2 Kh6 37. Bb4 Kh5 38. f3 Ng2 39. Bd2 Kh4 40. Kf2 Kh3 41. Kg1 Nh4 42. Kf2 Kxh2 43. Ke3 Kg2 44. Kd3 Nxf3 45. Bb4 h5 46. Be7 Kg3 47. Kc3 h4 48. Bxh4+ Nxh4 49. Kb4 Kxf4 0-1

[Event "2025 Spring TNM: u1600"]
[Site "San Francisco"]
[Date "2025.03.25"]
[Round "4.28"]
[White "Fitzgerald, William"]
[Black "Kojevnikov, Alexander"]
[Result "1-0"]
[WhiteElo "1311"]
[BlackElo "1045"]
[PlyCount "35"]
[GameId "2159927754466349"]
[EventDate "2025.??.??"]

1. e4 c5 2. Nf3 e6 3. d4 cxd4 4. Nxd4 Nf6 5. Nc3 Nc6 6. e5 Nxe5 7. Bf4 Ng6 8. Bg5 h6 9. Bxf6 Qxf6 10. Ndb5 Qd8 11. Nd6+ Bxd6 12. Qxd6 Qe7 13. O-O-O O-O 14. Nb5 Qg5+ 15. Kb1 Qxb5 16. Bxb5 a6 17. Bxd7 Bxd7 18. Qxd7 1-0

[Event "2025 Spring TNM: u1600"]
[Site "San Francisco"]
[Date "2025.03.25"]
[Round "4.30"]
[White "Turner, Robert"]
[Black "Blum, Paul"]
[Result "1-0"]
[WhiteElo "1200"]
[BlackElo "1016"]
[PlyCount "38"]
[GameId "2159927754470447"]
[EventDate "2025.??.??"]

1. e4 e6 2. d4 d5 3. Nc3 c5 4. exd5 exd5 5. dxc5 d4 6. Ne4 Bf5 7. Bd3 Nd7 8. Nd6+ Bxd6 9. Bxf5 Qe7+ 10. Ne2 Bxc5 11. O-O Qf6 12. Re1 O-O-O 13. Ng3 Nh6 14. Bxd7+ Rxd7 15. Ne4 Qc6 16. Qh5 Re8 17. Bxh6 gxh6 18. Nxc5 Rxe1+ 19. Rxe1 Rc7 1-0

[Event "2025 Spring TNM: u1600"]
[Site "San Francisco"]
[Date "2025.03.25"]
[Round "4.31"]
[White "Singer, Andrew"]
[Black "Lopez-Oneal, Owen Michael"]
[Result "1-0"]
[WhiteElo "1044"]
[BlackElo "618"]
[PlyCount "35"]
[GameId "2159927754470448"]
[EventDate "2025.??.??"]

1. e4 e5 2. Nf3 Nc6 3. Bb5 a6 4. Ba4 Nf6 5. O-O Be7 6. Re1 O-O 7. c3 d5 8. exd5 Nxd5 9. Bxc6 bxc6 10. Nxe5 Qd6 11. d4 Bb7 12. Nd2 Nf6 13. Nb3 Nd7 14. Bf4 Nxe5 15. Bxe5 Qd7 16. Na5 Bc8 17. Qf3 c5 18. Qxa8 1-0

[Event "2025 Spring TNM: u1600"]
[Site "San Francisco"]
[Date "2025.03.25"]
[Round "4.33"]
[White "Cao, Danny Du Uy"]
[Black "Merk, Felix Elias"]
[Result "1/2-1/2"]
[WhiteElo "1174"]
[BlackElo "1304"]
[PlyCount "89"]
[GameId "2159927754474546"]
[EventDate "2025.??.??"]

1. d4 Nf6 2. e3 g6 3. Nf3 Bg7 4. Be2 O-O 5. O-O d6 6. b3 e5 7. dxe5 Ng4 8. Bb2 Re8 9. c4 Nc6 10. Nc3 Ngxe5 11. Qd2 Bf5 12. Nxe5 Nxe5 13. h3 Qg5 14. f4 Qg3 15. fxe5 Bxh3 16. Rf2 Rxe5 17. Nd5 Rae8 18. Qd4 Qxf2+ 19. Kxf2 Rf5+ 20. Qf4 Bxb2 21. Qxf5 Bxf5 22. Rd1 c6 23. Nf4 Be5 24. Nd3 Bxd3 25. Rxd3 h5 26. Bf3 f5 27. e4 f4 28. Rd1 Kg7 29. Ke2 h4 30. Rh1 g5 31. Bg4 Kf6 32. Rd1 Rd8 33. Kf3 Bc3 34. Rd3 Bb4 35. Rd1 Ke5 36. Rd3 a6 37. Rd1 b5 38. cxb5 axb5 39. Rc1 c5 40. Rd1 Re8 41. Rd5+ Kf6 42. Rxd6+ Ke5 43. Rd5+ Kf6 44. Rd6+ Ke5 45. Rd5+ 1/2-1/2

[Event "2025 Spring TNM: u1600"]
[Site "San Francisco"]
[Date "2025.03.25"]
[Round "4.34"]
[White "Starr, Albert Martin"]
[Black "Myers, Steven Lee"]
[Result "0-1"]
[WhiteElo "1518"]
[BlackElo "1196"]
[PlyCount "86"]
[GameId "2159927754478643"]
[EventDate "2025.??.??"]

1. b4 e5 2. Bb2 d6 3. e3 Bf5 4. d3 Nf6 5. Nf3 Bg4 6. Be2 Nbd7 7. O-O g6 8. h3 Bxh3 9. gxh3 Bh6 10. Nbd2 Qe7 11. Nh2 O-O-O 12. Ng4 Nxg4 13. Bxg4 f5 14. Bf3 Rhg8 15. c4 Qh4 16. Bg2 g5 17. Nf3 Qh5 18. Nh2 Qg6 19. Qf3 e4 20. dxe4 g4 21. Qg3 gxh3 22. Qxh3 fxe4 23. Kh1 Kb8 24. Rg1 Ne5 25. Bxe5 dxe5 26. Ng4 Bg7 27. Rad1 h5 28. Rxd8+ Rxd8 29. Nh2 Rd2 30. Bf1 Qf7 31. Qg3 Rd7 32. Be2 Qf5 33. Qg5 Qxf2 34. Bxh5 Rd2 35. Nf1 Bh6 36. Qg2 Qh4+ 37. Qh2 Rxh2+ 38. Nxh2 c6 39. Bg4 Bxe3 40. Rd1 Bf4 41. Kg1 Qxh2+ 42. Kf1 e3 43. c5 Qf2# 0-1

[Event "2025 Spring TNM: Extra Games"]
[Site "San Francisco"]
[Date "2025.03.25"]
[Round "4"]
[White "Powers, Christopher"]
[Black "Krishnan, Sreyshthaa"]
[Result "1/2-1/2"]
[WhiteElo "1818"]
[BlackElo "1579"]
[PlyCount "90"]
[GameId "2160674941297331"]
[EventDate "2025.??.??"]

1. e4 c6 2. d4 d5 3. exd5 cxd5 4. c4 Nf6 5. Nc3 Nc6 6. Bg5 dxc4 7. d5 Ne5 8. Nf3 Bg4 9. Bxc4 Bxf3 10. Bb5+ Nfd7 11. gxf3 a6 12. Be2 h6 13. Bh4 Qb6 14. Rc1 g5 15. Bg3 Ng6 16. Qa4 Bg7 17. Ne4 Qd4 18. b4 Qxd5 19. O-O b5 {[#]} 20. Qxa6 O-O 21. Qxb5 Qxa2 22. Rc7 Nde5 23. Nc3 Qa3 24. Nd5 e6 25. Ne3 Rab8 26. Rb7 Rxb7 27. Qxb7 h5 28. b5 Qb2 29. Re1 Qb4 30. Rd1 f5 31. Bxe5 Nxe5 32. Qa6 Re8 33. Qa7 Qf4 34. b6 Nxf3+ 35. Bxf3 Qxf3 36. Rd7 Be5 37. Rh7 Rf8 38. b7 Bb8 39. Qc5 Kxh7 40. Qxf8 Qxb7 {[#]} 41. Nxf5 exf5 42. Qxf5+ Kg8 43. Qxg5+ Qg7 44. Qxg7+ Kxg7 45. h3 Kg6 {(1/2-1/2, 56)} 1/2-1/2